000 00269nam a22001217a 4500
020 _a0-528-87135-8
082 _a001
_bSMI/H
100 _aSMITH, KATHIE BILLINGSLEA
245 _aHOW
260 _aNEW YORK
_bRAND MCNALLY & COMPANY
650 _aGK
_zNEW YORK
942 _cBK
999 _c6331
_d6331